| 000 | 00601nam a22001817a 4500 | ||
|---|---|---|---|
| 005 | 20250328144827.0 | ||
| 008 | 250328b |||||||| |||| 00| 0 eng d | ||
| 020 | _a9781781002957 | ||
| 041 | _aeng | ||
| 082 | _a332.15 BAR | ||
| 100 | _aBarth, James R. | ||
| 245 | _aResearch Handbook on International Banking and Governance | ||
| 260 |
_aUK _bEdward Elgar Publishing Limited _c2012 |
||
| 300 | _a738;. pages: 24 cm | ||
| 650 | _aFinancial Institutions International-Law And Legislation; Financial Risk Management; Corporate Governance | ||
| 700 | _aLin, Chen and Wihlborg, Clas | ||
| 942 | _cBK | ||
| 999 |
_c43468 _d43468 |
||